000 01325nam a2200253 i 4500
001 568
005 20230616141354.0
008 750107s1972 enka j 000 1 eng
020 _a0416467008 :
_c£0.75
020 _a9781405271967
040 _aDLC
_cDLC
_dDLC
_beng
050 0 0 _aPZ10.3.T58
_bCat3
100 1 _aTomlinson, Jill.
245 1 4 _aThe cat who wanted to go home /
_cJill Tomlinson ; illustrated by Joanne Cole.
260 _aLondon :
_bEgmont.
_c2014.
300 _a79 pages. :
_billustrations ;
_c20 cm.
505 _aO
520 _aOne day, Suzy found a huge basket in a field. She climbed in, settled in the shade under a stool, and was soon fast asleep. When she woke up, the basket was in the sky! Suzy, the little French cat, has found herself in a hot-air balloon on its way to England! This is the start of Suzy's big adventure as she tries to make her way back home to France. In this beautifully illustrated picture book, Jill Tomlinson's heartwarming story has been carefully edited to retain all her gently humorous style, while Paul Howard's lovely pastel images perfectly capture the spirit of this absorbing tale.
521 _a670
_bLexile
521 _aO
_bRaz-Plus
700 1 _aCole, Joanne,
_eillustrations
906 _a7
_bcbc
_corignew
_d2
_encip
_f19
_gy-gencatlg
942 _2ddc
_cBK
_n0
999 _c568
_d568